| 000 | 00592nam a2200229Ia 4500 | ||
|---|---|---|---|
| 008 | 171120s9999 xx 000 0 und d | ||
| 020 | _a812612637X | ||
| 050 | _a20 | ||
| 050 | _bK217 2006 | ||
| 100 | _aKaushik, Prashant | ||
| 245 | _aManagement of library and information / | ||
| 245 | _cby Prashant Kaushik. | ||
| 260 | _aIndia : | ||
| 260 | _bAnmol Publications Pvt. Ltd., | ||
| 260 | _c2006 | ||
| 300 | _avii, 312 pages : | ||
| 300 | _billustrations ; | ||
| 300 | _c21cm. | ||
| 650 | _aInformation organization. | ||
| 650 | _aLibrary administration. | ||
| 700 | _aTitle. | ||
| 999 |
_c345006 _d345006 |
||